Statistiques concernant Couple Rappeurs US - Mannequin/Chanteuse (ou ex)

Cliquez ici pour prendre le quiz!

Statistiques générales

  • Ce quiz a été pris 227 fois
  • Le résultat moyen est 6 sur 8

Statistiques - réponses

HintRéponse% Correct
Kylie JennerTravis Scott
95%
Kim KardashianKanye West
91%
BeyoncéJay-Z
85%
Cardi BOffset
84%
RihannaA$AP Rocky
81%
Sophie BrussauxDrake
61%
Shante BroadusSnoop Dogg
56%
Whitney AlfordKendrick Lamar
37%

Distribution des résultats

Percentile par nombre de réponses

% des personnes avec chaque résultat

Votre développement - résultats

Vous n’avez pas pris ce quiz